Statistics for Nascar Talladega Winners

Click here to take the quiz!

General Stats

  • This quiz has been taken 100 times
  • The average score is 4 of 15

Answer Stats

HintAnswer% Correct
2000gordon
58%
2004gordon
58%
2001dale jr
38%
2002dale jr
38%
2002dale jr
38%
2005dale jr
38%
2008tony stewart
29%
2007jeff gordon
28%
2003waltrip
25%
2010kevin harvick
21%
2000dale sr
18%
2001hamilton
17%
2011clint bowyer
12%
2006jimmie jhonson
3%
2009jammie mc murray
1%

Score Distribution

Percentile by Number Answered

Percent of People with Each Score

Your Score History

You have not taken this quiz